000 00303nam a22001337a 4500
008 171031b xxu||||| |||| 00| 0 eng d
020 _a9781933631455
041 _aeng
080 _a33
100 _a58
101 _aBUS
245 _aOWN YOUR BUSINESS, OWN YOUR LIFE!
_cWILKINS,P.K
942 _2udc
_cBK
999 _c36738
_d36738